Library of the University of Algiers 3
Ibrahim Sultan Cheibout
شعار جامعة الجزائر 3
مكتبة جامعة الجزائر 3
إبراهيم سلطان شيبوط

العلاقات العامة : (رقم التسجيلة. 45382)

تفاصيل مارك
000 -LEADER
fixed length control field 01159nam a2200205Ia 4500
003 - CONTROL NUMBER IDENTIFIER
control field Ost
005 - DATE AND TIME OF LATEST TRANSACTION
control field 20260507075640.0
008 - FIXED-LENGTH DATA ELEMENTS--GENERAL INFORMATION
fixed length control field 260507s9999||||xx |||||||||||||| ||und||
040 ## - CATALOGING SOURCE
Transcribing agency fsecg
041 ## - LANGUAGE CODE
Language code of text/sound track or separate title ara
082 ## - DEWEY DECIMAL CLASSIFICATION NUMBER
Classification number 659.2
100 ## - MAIN ENTRY--PERSONAL NAME
Personal name الصرايرية، محمد نجيب
Relator term مؤلف
245 #0 - TITLE STATEMENT
Title العلاقات العامة :
Remainder of title الأسس والمبادئ /
Statement of responsibility, etc. محمد نجيب الصرايرية
260 ## - PUBLICATION, DISTRIBUTION, ETC.
Place of publication, distribution, etc. [دون مكان]:
Name of publisher, distributor, etc. مكتبة الرائد العلمية,
Date of publication, distribution, etc. 2001
300 ## - PHYSICAL DESCRIPTION
Extent 267 صفحة؛
Dimensions 24 سم
504 ## - BIBLIOGRAPHY, ETC. NOTE
Bibliography, etc. note المراجع ص.259
520 ## - SUMMARY, ETC.
Summary, etc. العلاقات العامة الأسس والمبادئ ،إدارة العلاقات العامة وخبراؤها ،الاتصال والإقناعي العلانية وأدواتها ،العلاقات العامة الحكومية ،استراتجيات الإتصال في مجال العلاقات العامة ،تصمصم استراتجيات الإتصال في مجال العلاقات العامة ،العلاقات العامة،العلاقات العامة في مواجهة الأزمات
653 ## - INDEX TERM--UNCONTROLLED
Uncontrolled term العلاقات العامة
942 ## - ADDED ENTRY ELEMENTS (KOHA)
Koha item type كتب
المقتنيات
Withdrawn status Lost status Source of classification or shelving scheme Damaged status Not for loan Home library Current library Date acquired Serial enumeration / chronology Inventory number Total checkouts Full call number Barcode Date last seen Price effective from Koha item type
    Dewey Decimal Classification   NOT LOAN / إعارة داخلية مكتبة كلية العلوم الإقتصادية والعلوم التجارية وعلوم التسيير مكتبة كلية العلوم الإقتصادية والعلوم التجارية وعلوم التسيير 07/05/2026 الطابق الأرضي 880/1   أ/880ن1 880/1 07/05/2026 07/05/2026 كتب

موارد الويب المفتوحة


© University of Algiers 3 All Rights Reserved
|
Implemented by LECHELAH Riad